| 000 | 00578nam a22001817a 4500 | ||
|---|---|---|---|
| 005 | 20231107123528.0 | ||
| 008 | 231107b |||||||| |||| 00| 0 eng d | ||
| 020 | _a9781485137979 | ||
| 041 | _aEnglish | ||
| 082 | _a347.1 DAM | ||
| 100 |
_aDamaseb, PT _lEnglish |
||
| 245 |
_aThe Supreme Court of Namibia : _b Law Procedure and Practice / _cPT Damaseb |
||
| 250 | _aFirst Edition | ||
| 260 |
_aCape Town : _bJuta and Company (Pty) Ltd, _c2021 |
||
| 300 |
_bxxxii, 184 pages ; _c25 cm. |
||
| 650 |
_aLegal practice _bLaw |
||
| 942 |
_cBK _6ALISON_BN_VRIES |
||
| 999 |
_c373 _d373 |
||